Представление документа в формате MARC21

Поле Инд. ПП Название Значение
Тип записи a
Библиографический уровень m
001 Контрольный номер 7621920a-2120-4861-a73b-1e983c25ef72
005 Дата корректировки 20230503121139.8
008 Кодируемые данные 980818 d
080 a Индекс УДК 78.03
084 a Индекс другой классификации/Индекс ББК Щ313(0)
090 c Каталожный индекс Щ313(0)
x Авторский знак Л63
a Полочн. индекс Щ313(0)
100 1_ a Автор Лист Франц
245 0_ a Заглавие Избранные статьи
c Ответственность Ф. Лист; [Предисл. и общ. ред. Я. Мильштейна; Пер. А. Бобовича и Н. Мамуна; Ред. текста, вступ. ст. и примеч. С. Барского]
260 0_ a Место издания Москва
b Издательство Музгиз
c Дата издания 1959
300 a Объем 462,[2] c.,[13] л. ил.
500 a Примечание Указ. имен: с.449-463.
650 04 a Основная рубрика Музыка
x Основная подрубрика История
653 0_ a Ключевые слова Музыка
a Ключевые слова История музыки
700 1_ a Другие авторы Барский С
e Роль лиц вступ. ст.
700 1_ a Другие авторы МИЛЬШТЕЙН Я И
e Роль лиц предисл.
852 41 i Расстановочный признак Проверка 2023
920 a Оператор Хохл
930 a Новая/Ретро Научная
952 c Вид литературы К рн
954 a Дата поступления на обработку 26.12.97
e Дата перешифровки 20230503